| 000 | 00870nam a2200265 i 4500 | ||
|---|---|---|---|
| 001 | 46936 | ||
| 003 | ES-MaACL | ||
| 005 | 20250913172626.0 | ||
| 007 | t| | ||
| 008 | 910124s1982 sp l |||| | fre d | ||
| 020 | _a84-7471-048-0 | ||
| 080 | _a342.4(460)"1978" | ||
| 110 | 1 |
_aEspaña _93622 |
|
| 240 | 1 | 0 | _aConstitución, 1978 |
| 245 | 1 | 3 |
_aLa Constitución espagnole / _c[texte revu par Claude-Albert Colliard et Antonio Truyol Serra]. |
| 250 | _a1ª ed. | ||
| 260 |
_a[Madrid] : _bPresidencia del Gobierno, Servicio Central de Publicaciones, _c1982. |
||
| 300 |
_a121 p. ; _c15 cm. |
||
| 610 | 1 | 4 |
_aEspaña. _tConstitución, 1978. _93657 |
| 700 | 1 |
_aColliard, Claude-Albert. _939704 |
|
| 700 | 1 |
_aTruyol y Serra, Antonio, _d1913-2003 _9111597 |
|
| 710 | 1 |
_aEspaña. _bPresidencia del Gobierno. _93951 |
|
| 852 | 4 |
_aES-MaACL _jL-5427 |
|
| 999 |
_c46936 _d46936 |
||